Mighty Mo / (Record no. 9795)

MARC details
000 -LEADER
fixed length control field 01172nam a22002657a 4500
001 - CONTROL NUMBER
control field 9795
003 - CONTROL NUMBER IDENTIFIER
control field FISKH
005 - DATE AND TIME OF LATEST TRANSACTION
control field 20260225152505.0
008 - FIXED-LENGTH DATA ELEMENTS--GENERAL INFORMATION
fixed length control field 260225b cb ||||| |||| 00| 0 eng d
040 ## - CATALOGING SOURCE
Original cataloging agency FISKH
Language of cataloging eng
Transcribing agency FISKH
Modifying agency FISKH
050 ## - LIBRARY OF CONGRESS CALL NUMBER
Classification number E185.J6
082 ## - DEWEY DECIMAL CLASSIFICATION NUMBER
Classification number 920
100 ## - MAIN ENTRY--PERSONAL NAME
Personal name Arundel, Jocelyn
Relator term Author
245 ## - TITLE STATEMENT
Title Mighty Mo /
Statement of responsibility, etc. By Jocelyn Arundel ; Illustrated by Jack Hearne
260 ## - PUBLICATION, DISTRIBUTION, ETC.
Place of publication, distribution, etc. Chicago :
Name of publisher, distributor, etc. Science Research Associates , Inc.,
Date of publication, distribution, etc. 1961
300 ## - PHYSICAL DESCRIPTION
Extent 32 pages :
Other physical details color illustrations ;
Dimensions 21 cm
505 ## - FORMATTED CONTENTS NOTE
Formatted contents note K <br/>
520 ## - SUMMARY, ETC.
Summary, etc. Suzannah is staying in Africa with her cousin, Jay Clifford. They are on a hunting trip, or safari, with Jay's father, Ranger Clifford, when they find a baby zebra, adopt it, and name it Smudge. But what the hunters are really searching for is the elephant that has been destroying the crop of the local farmers. The villagers believe that the damage is caused by Mighty Mohammed, the largest and oldest elephant of all!
521 8# - TARGET AUDIENCE NOTE
Target audience note 510 <br/>
Source Lexile estimate <br/>
521 8# - TARGET AUDIENCE NOTE
Target audience note K <br/>
Source Raz-Plus <br/>
650 ## - SUBJECT ADDED ENTRY--TOPICAL TERM
Topical term or geographic name entry element Mighty Mo
Form subdivision The elephant
700 ## - ADDED ENTRY--PERSONAL NAME
Personal name Hearne, Jack
Relator term Illustrator
942 ## - ADDED ENTRY ELEMENTS (KOHA)
Source of classification or shelving scheme Dewey Decimal Classification
Koha item type Books
Suppress in OPAC No
Holdings
Withdrawn status Lost status Source of classification or shelving scheme Damaged status Not for loan Collection Home library Current library Shelving location Date acquired Total Checkouts Full call number Barcode Date last seen Copy number Price effective from Koha item type
    Dewey Decimal Classification     Juvenile Fiction Footprints International School Library Network Toul Tom Poung Campus Footprints International School Library Network Toul Tom Poung Campus TTP Primary Yellow Bookshelves 02/25/2026   ARU 920 E185.J6 FISBK07123 02/25/2026 1 02/25/2026 Books